000 00269 a2200133 4500
000 nam a22 7a 4500
100 _aknight
110 _aknight
245 _aprinciples of immunogenetics
250 _alatest
260 _c2026
264 _c2026
942 _cBK
999 _c394904
_d394904